[Event "X Open Autunno"]
[Site "Robecchetto con Induno ITA"]
[Date "2013.10.03"]
[Round "1"]
[White "Virgilio, Gianluca"]
[Black "Buonasorte, Roberto"]
[WhiteElo "1795"]
[BlackElo "1488"]
[Result "0-1"]
[PlyCount "166"]
[EventDate "2013.10.03"]

1. d4 Nf6 2. Nf3 g6 3. e3 Bg7 4. Nbd2 d5 5. Be2 O-O 6. c3 Nbd7 7. O-O c5 8. Qc2
Re8 9. e4 e5 10. dxe5 Nxe5 11. Nxe5 Rxe5 12. f4 Re8 13. e5 Bf5 14. Bd3 Ng4 15.
Nf3 Bxd3 16. Qxd3 c4 17. Qc2 Qb6+ 18. Nd4 f6 19. exf6 Bxf6 20. Qd1 Ne3 21. Bxe3
Rxe3 22. Rf3 Bxd4 23. Qxd4 Qxd4 24. cxd4 Rxf3 25. gxf3 Rf8 26. Re1 Rxf4 27. Re7
Rf7 28. Re5 Rd7 29. Kf2 Kf8 30. f4 b5 31. a3 a5 32. Kf3 b4 33. axb4 axb4 34.
Kf2 c3 35. bxc3 b3 36. Re6 Rc7 37. Rb6 Rxc3 38. h4 Rh3 39. Rb5 b2 40. Kg2 Rxh4
41. Kg3 Rh1 42. Rxb2 Rd1 43. Rb4 Kf7 44. Kf3 Kf6 45. Ke2 Rh1 46. Rb5 Ke6 47.
Rb6+ Kf5 48. Ke3 Re1+ 49. Kf3 Re4 50. Rd6 Rxd4 51. Kg3 Rd3+ 52. Kg2 Kxf4 53.
Rd7 Kg4 54. Rxh7 Rd2+ 55. Kf1 d4 56. Ke1 Ra2 57. Rd7 Ra4 58. Kf2 Kf4 59. Rf7+
Kg4 60. Rd7 g5 61. Kg2 Ra2+ 62. Kf1 Kf3 63. Rf7+ Kg3 64. Rd7 Ra4 65. Rd8 g4 66.
Rd7 Kf3 67. Rf7+ Ke3 68. Re7+ Kd3 69. Rg7 Ra1+ 70. Kf2 Kc2 71. Rxg4 d3 72. Rc4+
Kb3 73. Rd4 Kc3 74. Rd8 d2 75. Rc8+ Kb2 76. Rb8+ Kc1 77. Rc8+ Kd1 78. Rc7 Ra8
79. Rd7 Re8 80. Rd5 Re2+ 81. Kf3 Ke1 82. Rh5 d1=Q 83. Rh1+ Kd2 0-1

[Event "X Open Autunno"]
[Site "Robecchetto con Induno ITA"]
[Date "2013.10.03"]
[Round "1"]
[White "Zanin, Armando"]
[Black "Trenti, Alessandro"]
[WhiteElo "1474"]
[BlackElo "1757"]
[Result "0-1"]
[PlyCount "88"]
[EventDate "2013.10.03"]

1. c4 e5 2. Nc3 Nf6 3. Nf3 Nc6 4. d3 Be7 5. g3 d5 6. cxd5 Nxd5 7. Bg2 Be6 8.
O-O O-O 9. a3 Qd7 10. Ng5 Nxc3 11. bxc3 Bf5 12. Re1 h6 13. Nf3 Rad8 14. Bb2 e4
15. Nh4 Bxh4 16. gxh4 exd3 17. exd3 Bxd3 18. Qb3 b6 19. Rad1 Na5 20. Qb4 c5 21.
Qf4 Qb5 22. Bc1 c4 23. Qg3 Bg6 24. Bf3 Rxd1 25. Bxd1 Re8 26. Re3 Nb3 27. Bb2
Rxe3 28. Qxe3 Qf5 29. Bxb3 cxb3 30. Qd2 Qg4+ 31. Kf1 Qxh4 32. f3 Bh5 33. Qg2
Qc4+ 34. Kg1 Qd3 35. Qf1 Qxf1+ 36. Kxf1 Bxf3 37. Kf2 Bd5 38. Ke3 f5 39. Kf4 g6
40. h4 Be4 41. Bc1 Kf7 42. Ke5 b5 43. Kf4 Ke6 44. Bb2 Kd5 0-1

[Event "X Open Autunno"]
[Site "Robecchetto con Induno ITA"]
[Date "2013.10.10"]
[Round "2"]
[White "Bencivenga, Antonio"]
[Black "De Dominicis, Arrigo"]
[WhiteElo "1476"]
[BlackElo "1299"]
[Result "1-0"]
[PlyCount "31"]
[EventDate "2013.10.03"]

1. d4 d5 2. Nf3 Nf6 3. c4 dxc4 4. Qa4+ Nc6 5. Qxc4 Be6 6. Qd3 h6 7. Bf4 Bg4 8.
Nc3 Bxf3 9. Qxf3 Nxd4 10. Qd3 c6 11. O-O-O c5 12. e3 Nd5 13. Nxd5 Qxd5 14. exd4
Rd8 15. Qb5+ Qd7 16. dxc5 1-0

[Event "X Open Autunno"]
[Site "Robecchetto con Induno ITA"]
[Date "2013.10.10"]
[Round "2"]
[White "Buonasorte, Roberto"]
[Black "Serrao, Piergiorgio"]
[WhiteElo "1488"]
[BlackElo "1578"]
[Result "0-1"]
[PlyCount "60"]
[EventDate "2013.10.03"]

1. e4 e6 2. d4 d5 3. Nc3 Nf6 4. Bg5 Be7 5. e5 Nfd7 6. h4 c5 7. Bxe7 Kxe7 8. Nf3
cxd4 9. Nxd4 Nxe5 10. f4 Nec6 11. Nf3 a6 12. Qd2 Re8 13. O-O-O Kf8 14. Bd3 h6
15. g4 Nd7 16. Rde1 Nc5 17. Bh7 b5 18. Nd4 Nxd4 19. Qxd4 Qc7 20. h5 Bb7 21. g5
hxg5 22. fxg5 e5 23. Nxd5 exd4 24. Rxe8+ Rxe8 25. Nxc7 Bxh1 26. Nxe8 Kxe8 27.
b4 Ne6 28. g6 f6 29. h6 Kf8 30. hxg7+ Kxg7 0-1

[Event "X Open Autunno"]
[Site "Robecchetto con Induno ITA"]
[Date "2013.10.10"]
[Round "2"]
[White "Colombo, Maurizio"]
[Black "Virgilio, Gianluca"]
[WhiteElo "1786"]
[BlackElo "1795"]
[Result "1/2-1/2"]
[PlyCount "101"]
[EventDate "2013.10.03"]

1. d4 Nf6 2. Nf3 g6 3. c4 Bg7 4. Nc3 d5 5. Bf4 O-O 6. e3 c5 7. dxc5 Qa5 8. Rc1
Rd8 9. Qa4 Qxc5 10. b4 Qc6 11. Qa3 Bf5 12. b5 Qe8 13. cxd5 Nxd5 14. Nxd5 Rxd5
15. Bc4 Rd8 16. Ng5 e6 17. e4 h6 18. Nxf7 Kxf7 19. exf5 gxf5 20. Qb3 Nd7 21.
O-O Nb6 22. Be2 Kg8 23. Qg3 Kh7 24. Rc7 Rd7 25. Rfc1 Nd5 26. Bh5 Nxf4 27. Rxd7
Qxd7 28. Qxf4 Rd8 29. h3 Qxb5 30. Qg3 Qe5 31. Qg6+ Kh8 32. Qf7 Qb2 33. Rc7 Qa1+
34. Kh2 Be5+ 35. g3 Bxc7 36. Qxc7 Qd4 37. Kg2 Rd7 38. Qc8+ Rd8 39. Qc7 Qd7 40.
Qe5+ Kg8 41. Qf6 Qc6+ 42. Bf3 Qb6 43. Qxh6 Rd7 44. Qg6+ Kf8 45. Bh5 Ke7 46.
Qg5+ Kd6 47. Qf4+ Kc5 48. Qc1+ Kb4 49. Qb2+ Kc5 50. Qc1+ Kd6 51. Qf4+ 1/2-1/2

[Event "X Open Autunno"]
[Site "Robecchetto con Induno ITA"]
[Date "2013.10.10"]
[Round "2"]
[White "Griffini, Andrea"]
[Black "Macchiettini, Pierangelo"]
[WhiteElo "1799"]
[BlackElo "1703"]
[Result "1-0"]
[PlyCount "111"]
[EventDate "2013.10.03"]

1. e4 c5 2. Nf3 d6 3. d4 cxd4 4. Qxd4 a6 5. Bc4 e6 6. a3 Nd7 7. Be3 Qc7 8. Nc3
Ngf6 9. Ng5 Ne5 10. Bb3 h6 11. Nf3 Ned7 12. h3 b5 13. a4 e5 14. Nd5 Qb7 15. Qb4
Rb8 16. axb5 Nxd5 17. Bxd5 Qxb5 18. Qxb5 Rxb5 19. b3 Nb8 20. O-O Be6 21. Bxe6
fxe6 22. Ba7 Be7 23. Bxb8 Rxb8 24. Rxa6 Kf7 25. Nd2 Rhc8 26. Nc4 Rd8 27. Rd1
Rbc8 28. Rd2 Kf6 29. Kf1 Rc7 30. Ke2 Rc5 31. Na5 Rb5 32. c4 Rc5 33. Nb7 Rb8 34.
Nxc5 dxc5 35. Rd3 Kf7 36. Kd2 Rb7 37. Kc2 Kf6 38. Ra5 Kf7 39. Ra1 Kf6 40. Rad1
Kf7 41. Rd7 Rxd7 42. Rxd7 Ke8 43. Rb7 Kd8 44. Ra7 Ke8 45. Kd3 h5 46. g4 hxg4
47. hxg4 g6 48. Kc2 Kf7 49. Kb2 Kf6 50. g5+ Kf7 51. Ka3 Ke8 52. Ra8+ Bd8 53.
Rxd8+ Kxd8 54. Ka4 Kd7 55. Kb5 Kd6 56. Kb6 1-0

[Event "X Open Autunno"]
[Site "Robecchetto con Induno ITA"]
[Date "2013.10.10"]
[Round "2"]
[White "Loaldi, Davide"]
[Black "Frignani, Alessandro"]
[WhiteElo "1572"]
[BlackElo "1389"]
[Result "1-0"]
[PlyCount "79"]
[EventDate "2013.10.03"]

1. e4 e5 2. Nf3 Qf6 3. Bc4 Bc5 4. Nc3 c6 5. O-O d6 6. h3 Be6 7. Bxe6 Qxe6 8. d4
Bb6 9. d5 Qg6 10. Qe2 Ne7 11. Be3 Ba5 12. Qd3 O-O 13. a3 Nd7 14. b4 Bb6 15. Na4
Bxe3 16. fxe3 b5 17. Nc3 a6 18. Rad1 c5 19. Nh4 Qh6 20. Nf5 Nxf5 21. exf5 Nf6
22. Ne4 c4 23. Nxf6+ Qxf6 24. Qe4 Ra7 25. Qf3 a5 26. bxa5 Rxa5 27. e4 Rc8 28.
Qc3 Rca8 29. Ra1 Qh4 30. Rfe1 Qd8 31. Re3 Qb6 32. Kh2 Qc5 33. f6 gxf6 34. Rg3+
Kf8 35. Qd2 Qd4 36. Qh6+ Ke7 37. Rf1 R8a6 38. Qxf6+ Kd7 39. Qxf7+ Kd8 40. Rg8#
1-0

[Event "X Open Autunno"]
[Site "Robecchetto con Induno ITA"]
[Date "2013.10.10"]
[Round "2"]
[White "Madaschi, Sergio"]
[Black "Sartorio, Alessandro"]
[WhiteElo "1522"]
[BlackElo "1381"]
[Result "1-0"]
[PlyCount "113"]
[EventDate "2013.10.03"]

1. e4 e5 2. Nf3 Nf6 3. Nxe5 d6 4. Nf3 Nxe4 5. d4 Be7 6. Bd3 d5 7. O-O O-O 8. c4
Nf6 9. Nc3 Nc6 10. Re1 Bg4 11. cxd5 Nxd4 12. Be2 Nxe2+ 13. Qxe2 Nxd5 14. Nxd5
Qxd5 15. Qxe7 Bxf3 16. gxf3 Qxf3 17. Qe2 Qc6 18. Be3 Rfe8 19. Rac1 Qd7 20. Qf3
Re6 21. Qxb7 Rg6+ 22. Kh1 Rc8 23. Rg1 Rxg1+ 24. Rxg1 Re8 25. Qg2 g6 26. Qf3 Re5
27. Rg5 Re6 28. Rg4 Rd6 29. Rg1 f5 30. Bxa7 Rd3 31. Qa8+ Kf7 32. Bc5 Qd8 33.
Qxd8 Rxd8 34. Re1 Rd2 35. Re7+ Kg8 36. b4 Rxa2 37. Rxc7 Ra8 38. Ra7 Rb8 39. Ra5
h5 40. b5 Kg7 41. b6 Rc8 42. b7 Rb8 43. Rb5 Kf6 44. Ba7 Rxb7 45. Rxb7 Kg5 46.
Be3+ f4 47. Rb6 h4 48. Rb5+ Kg4 49. Bd2 Kf3 50. Kg1 Ke4 51. Rg5 f3 52. Rg4+ Kd3
53. Be3 h3 54. Kf1 Kc3 55. Ke1 Kc2 56. Rd4 g5 57. Bxg5 1-0

[Event "X Open Autunno"]
[Site "Robecchetto con Induno ITA"]
[Date "2013.10.10"]
[Round "2"]
[White "Moroni, Luca"]
[Black "Libutti, Michele"]
[WhiteElo "1860"]
[BlackElo "1734"]
[Result "1-0"]
[PlyCount "165"]
[EventDate "2013.10.03"]

1. Nf3 Nf6 2. d4 d5 3. Bf4 e6 4. c3 Bd6 5. Bxd6 cxd6 6. e3 Nc6 7. Be2 O-O 8.
O-O e5 9. dxe5 dxe5 10. Nbd2 Bg4 11. h3 Bf5 12. Nh2 Re8 13. Ng4 d4 14. Nxf6+
Qxf6 15. e4 Be6 16. cxd4 Nxd4 17. Nf3 Red8 18. Nxd4 Rxd4 19. Qb1 Qg5 20. Qc1
Qxc1 21. Rfxc1 Rd2 22. Bc4 Bxc4 23. Rxc4 Rxb2 24. Rc7 Rd8 25. Re7 f6 26. Rc1
Rxa2 27. Rcc7 b5 28. Rxg7+ Kf8 29. Rxh7 Kg8 30. Rxa7 Rd1+ 31. Kh2 Rxf2 32. Rhb7
Rd8 33. Rxb5 Rf4 34. Rb6 Rf8 35. Rbb7 Rd8 36. Ra6 Rf8 37. Raa7 Rd8 38. Rg7+ Kh8
39. Rgf7 Kg8 40. Rg7+ Kh8 41. Rg6 Rf8 42. Rg4 Rxg4 43. hxg4 Rg8 44. Kh3 Rg5 45.
Kh4 Kg8 46. Rb7 Kf8 47. Rh7 Kg8 48. Rh5 Rg6 49. Rf5 Rh6+ 50. Kg3 Rg6 51. Kh4
Rh6+ 52. Rh5 Rg6 53. g3 Kg7 54. g5 Kf7 55. gxf6 Kxf6 56. Rf5+ Ke6 57. g4 Rh6+
58. Kg5 Rh1 59. Rf6+ Ke7 60. Ra6 Rf1 61. Kh5 Rh1+ 62. Kg6 Rf1 63. g5 Rf4 64.
Ra4 Ke6 65. Kg7 Rf7+ 66. Kh6 Rf4 67. g6 Rh4+ 68. Kg7 Ke7 69. Rb4 Rg4 70. Rb7+
Ke6 71. Rb6+ Ke7 72. Rb4 Rh4 73. Ra4 Rg4 74. Kh6 Rh4+ 75. Kg5 Rf4 76. g7 Kf7
77. Ra7+ Kg8 78. Kg6 Rg4+ 79. Kf6 Rg6+ 80. Kxe5 Rh6 81. Kd5 Rg6 82. e5 Rb6 83.
e6 1-0

[Event "X Open Autunno"]
[Site "Robecchetto con Induno ITA"]
[Date "2013.10.10"]
[Round "2"]
[White "Nava, Mario"]
[Black "Melino, Gianluca"]
[WhiteElo "1256"]
[BlackElo "1748"]
[Result "0-1"]
[PlyCount "98"]
[EventDate "2013.10.03"]

1. Nf3 c5 2. c4 g6 3. Nc3 Bg7 4. e3 Nc6 5. d4 cxd4 6. exd4 d6 7. d5 Ne5 8. Nxe5
Bxe5 9. Bd3 Bg7 10. O-O Nf6 11. Ne4 Nxe4 12. Bxe4 Qc7 13. Bd3 O-O 14. Rb1 b6
15. Bd2 e5 16. dxe6 Bxe6 17. Be4 Rac8 18. Bd5 Bxd5 19. cxd5 Qc4 20. Bc3 Bxc3
21. bxc3 Qxc3 22. Re1 Rfe8 23. Re2 Rxe2 24. Qxe2 Qc1+ 25. Qe1 Qxe1+ 26. Rxe1
Rc2 27. Ra1 Rd2 28. g3 Rxd5 29. Kg2 Kf8 30. Rc1 Rc5 31. Re1 a6 32. Re2 b5 33.
Re3 a5 34. Ra3 a4 35. Re3 b4 36. Re2 d5 37. h4 h5 38. Rb2 Rb5 39. Re2 b3 40.
axb3 axb3 41. Rb2 Ke7 42. Kf3 Kd6 43. Ke3 Kc5 44. Kd3 Kb4 45. Re2 Ka3 46. Re7
b2 47. Kc3 Rb3+ 48. Kd4 b1=Q 49. Ra7+ Kb2 0-1

[Event "X Open Autunno"]
[Site "Robecchetto con Induno ITA"]
[Date "2013.10.10"]
[Round "2"]
[White "Ragoso, Mario"]
[Black "Cecchini, Massimo S."]
[WhiteElo "1644"]
[BlackElo "1780"]
[Result "1-0"]
[PlyCount "59"]
[EventDate "2013.10.03"]

1. d4 d5 2. c4 c6 3. Nc3 Nf6 4. cxd5 cxd5 5. Nf3 e6 6. Bg5 Be7 7. e3 Nbd7 8.
Bd3 Qa5 9. Qc2 b6 10. Nd2 Ba6 11. O-O Bxd3 12. Qxd3 Qb4 13. a3 Qd6 14. Nb5 Qb8
15. Rfc1 Bd8 16. Bf4 e5 17. dxe5 Nxe5 18. Qd4 Nfd7 19. Qxd5 O-O 20. Nc4 a6 21.
Nxe5 Nf6 22. Qc6 axb5 23. Nd7 Qa7 24. Nxf8 Kxf8 25. Bd6+ Kg8 26. Rc2 h6 27.
Rac1 Nd7 28. Qxb5 Qb7 29. Qc6 Qa7 30. Bc7 1-0

[Event "X Open Autunno"]
[Site "Robecchetto con Induno ITA"]
[Date "2013.10.10"]
[Round "2"]
[White "Rosescu, Liviu"]
[Black "Novi', Giuseppe"]
[WhiteElo "1713"]
[BlackElo "1827"]
[Result "0-1"]
[PlyCount "180"]
[EventDate "2013.10.03"]

1. d4 Nf6 2. Bg5 e6 3. Bxf6 Qxf6 4. e3 c5 5. c3 cxd4 6. cxd4 Bb4+ 7. Nc3 O-O 8.
Nf3 Nc6 9. a3 Ba5 10. Be2 a6 11. O-O b5 12. b4 Bb6 13. Rc1 Bb7 14. Qd2 Rac8 15.
Ne4 Qe7 16. Nc5 Bxc5 17. dxc5 Rcd8 18. Rfd1 Qf6 19. Qc3 Qg6 20. Rd2 Ne7 21. Qe5
Bc6 22. Qg5 Qxg5 23. Nxg5 h6 24. Nf3 f5 25. Rcd1 Nd5 26. Nd4 Bb7 27. Bf3 Ba8
28. Rd3 Kf7 29. Nxf5 Kf6 30. Nd6 Ke7 31. Bxd5 Bxd5 32. e4 Bc6 33. Rg3 g5 34. h4
Rg8 35. hxg5 hxg5 36. f3 Rg6 37. Kf2 Rh8 38. Rh3 Rxh3 39. gxh3 Rh6 40. Kg3 Rh4
41. Rf1 Rf4 42. Rh1 Rh4 43. Kf2 Kf6 44. Ke3 e5 45. Ne8+ Kf7 46. Nd6+ Ke6 47.
Nf5 Rf4 48. h4 g4 49. Rf1 Bxe4 50. Nd4+ Kf6 51. Ne2 Rxf3+ 52. Rxf3+ Bxf3 53.
Ng3 Kg6 54. Kf2 Bd5 55. Ke3 Kf6 56. Nh5+ Kg6 57. Ng3 Bf3 58. Kf2 e4 59. Ke3 Kf6
60. Kd4 Kg6 61. Ke3 Bg2 62. Kf4 Bf3 63. Ke3 Bg2 64. Kd4 Kf6 65. Ke3 Ke5 66. Nh5
Bf1 67. Ng3 Bc4 68. Nh5 Bb3 69. Ng3 Bd5 70. Nh5 d6 71. cxd6 Kxd6 72. Kf4 Ke6
73. Kxg4 Ke5 74. Kg3 e3 75. Nf4 Be4 76. Ng2 Kd4 77. Ne1 Kc3 78. Kf4 Kd4 79. h5
Bh7 80. Kf3 Bb1 81. Ng2 Be4+ 82. Kg3 Bxg2 83. Kxg2 Kd3 84. h6 e2 85. h7 e1=Q
86. h8=Q Qe2+ 87. Kg3 Qe3+ 88. Kg2 Kc4 89. Qb2 Qe4+ 90. Kf1 Qh1+ 0-1

[Event "X Open Autunno"]
[Site "Robecchetto con Induno ITA"]
[Date "2013.10.10"]
[Round "2"]
[White "Rossi, Enrico"]
[Black "Puricelli, Roberto"]
[WhiteElo "1319"]
[BlackElo "1489"]
[Result "1/2-1/2"]
[PlyCount "141"]
[EventDate "2013.10.03"]

1. d4 e6 2. c4 d5 3. e3 c5 4. cxd5 Qxd5 5. Nc3 Qd8 6. Bb5+ Bd7 7. dxc5 Bxc5 8.
Nf3 Nf6 9. Ne5 O-O 10. O-O a6 11. Nxd7 Nbxd7 12. Bxd7 Qxd7 13. Qc2 Rfc8 14. Rd1
Qc6 15. Bd2 b5 16. a3 Qb7 17. Rac1 b4 18. Qb3 a5 19. Na4 Bf8 20. axb4 Rxc1 21.
Rxc1 Bxb4 22. Rc4 Rb8 23. Bxb4 axb4 24. Nc5 Qa7 25. Nd3 h6 26. h3 Nd5 27. e4
Nf6 28. Rxb4 Rxb4 29. Qxb4 Qa8 30. f3 Qa7+ 31. Qc5 Qa1+ 32. Kh2 Qb1 33. Qc4 Kh7
34. b4 Nd7 35. Qb5 Nf6 36. Ne5 Qc1 37. Nd3 Qc7+ 38. Kh1 Qc3 39. Qa6 Nh5 40. Kh2
Qc7+ 41. e5 Nf6 42. Qd6 Nd5 43. Qxc7 Nxc7 44. Kg3 Nd5 45. b5 Kg8 46. Nf4 Nb6
47. Kf2 Kf8 48. Ke3 Ke7 49. Kd4 Kd7 50. Kc5 Kc7 51. Nd3 Nd7+ 52. Kb4 Kb6 53. f4
f6 54. g4 fxe5 55. fxe5 g5 56. Ka4 Nf8 57. Nb2 Nd7 58. Nc4+ Kc5 59. Na5 Nb6+
60. Ka3 Kxb5 61. Nb3 Nc4+ 62. Ka2 Nxe5 63. Nd4+ Kc4 64. Nxe6 Nd3 65. Ng7 Nf2
66. Nf5 Kd5 67. Nxh6 Ke6 68. Nf5 Nxh3 69. Kb2 Ke5 70. Kc2 Kf4 71. Nh6 1/2-1/2

[Event "X Open Autunno"]
[Site "Robecchetto con Induno ITA"]
[Date "2013.10.10"]
[Round "2"]
[White "Saccani, Ettore"]
[Black "Barrera, Pietro"]
[WhiteElo "1735"]
[BlackElo "1893"]
[Result "0-1"]
[PlyCount "32"]
[EventDate "2013.10.03"]

1. e4 c5 2. Nf3 Nc6 3. c3 Nf6 4. e5 Nd5 5. d4 cxd4 6. cxd4 e6 7. Nc3 Nxc3 8.
bxc3 d6 9. Bb5 Qa5 10. Qb3 d5 11. Bd2 Be7 12. O-O a6 13. Bd3 b5 14. Rfb1 Qc7
15. a4 Na5 16. axb5 Nxb3 0-1

[Event "X Open Autunno"]
[Site "Robecchetto con Induno ITA"]
[Date "2013.10.10"]
[Round "2"]
[White "Testa, Loris"]
[Black "Colombo, Angelo D."]
[WhiteElo "1946"]
[BlackElo "1485"]
[Result "1-0"]
[PlyCount "63"]
[EventDate "2013.10.03"]

1. e4 e6 2. d3 c6 3. Nf3 d5 4. exd5 exd5 5. c3 Nf6 6. Be2 Be7 7. O-O O-O 8. Re1
Re8 9. Nbd2 Nbd7 10. d4 Nf8 11. Ne5 Bf5 12. Ndf3 Ne4 13. Bd3 Nd6 14. Bxf5 Nxf5
15. Qb3 Nd6 16. a4 Ne6 17. a5 a6 18. Qc2 Ng5 19. Bxg5 Bxg5 20. Re2 Bh6 21. Ng4
Bf4 22. Rxe8+ Nxe8 23. Qf5 Qd6 24. g3 Bh6 25. Re1 Rd8 26. Nfe5 Qe6 27. Nxh6+
gxh6 28. Qxe6 fxe6 29. Ng4 h5 30. Nh6+ Kg7 31. Rxe6 Nd6 32. Rxd6 1-0

[Event "X Open Autunno"]
[Site "Robecchetto con Induno ITA"]
[Date "2013.10.10"]
[Round "2"]
[White "Trenti, Alessandro"]
[Black "Giusti, Francesco"]
[WhiteElo "1757"]
[BlackElo "1589"]
[Result "1-0"]
[PlyCount "87"]
[EventDate "2013.10.03"]

1. e4 e5 2. Nf3 Nc6 3. Bb5 d6 4. Nc3 Nf6 5. d4 exd4 6. Nxd4 Bd7 7. O-O Be7 8.
Be3 a6 9. Nxc6 bxc6 10. Bd3 Qb8 11. Rb1 Ng4 12. Bf4 Bf6 13. Qd2 Be6 14. a3 O-O
15. b3 Ne5 16. Be2 Rd8 17. Rbd1 a5 18. h3 Ng6 19. Be3 Qc8 20. Bf3 Nh4 21. Bg5
Bxg5 22. Qxg5 Nxf3+ 23. gxf3 Bxh3 24. Rfe1 Re8 25. f4 Bg4 26. Rd3 h6 27. Qh4
Re6 28. Rg3 f5 29. f3 Rg6 30. fxg4 fxg4 31. Re2 d5 32. f5 Rg5 33. Rxg4 Rxg4+
34. Qxg4 dxe4 35. Qxe4 Qd7 36. Qe6+ Qf7 37. Rg2 Qxe6 38. fxe6 Re8 39. Re2 g5
40. Na4 Kg7 41. Nc5 Re7 42. Rd2 Kf6 43. Rd7 Rxe6 44. Nxe6 1-0

[Event "X Open Autunno"]
[Site "Robecchetto con Induno ITA"]
[Date "2013.10.17"]
[Round "3"]
[White "Barrera, Pietro"]
[Black "Griffini, Andrea"]
[WhiteElo "1893"]
[BlackElo "1799"]
[Result "1-0"]
[PlyCount "125"]
[EventDate "2013.10.03"]

1. e4 Nf6 2. Nc3 d5 3. exd5 Nxd5 4. d4 Bf5 5. Bc4 e6 6. Nf3 Nc6 7. a3 Be7 8.
O-O O-O 9. Qe2 Nb6 10. Bd3 Bg4 11. Be3 Bf6 12. Rad1 Qe7 13. Be4 Rad8 14. Bxc6
bxc6 15. h3 Bxf3 16. Qxf3 Qd7 17. Ne4 Be7 18. Nc5 Qd5 19. Qxd5 cxd5 20. Na6 Rc8
21. Rd3 c5 22. Nxc5 Nc4 23. b4 a5 24. Rb1 axb4 25. axb4 Ra8 26. Bc1 Rfc8 27.
Rdb3 e5 28. c3 exd4 29. cxd4 Bf6 30. Rd3 Be7 31. Bf4 g5 32. Be3 h6 33. Nd7 f6
34. b5 Rc7 35. Nc5 Bxc5 36. dxc5 Nxe3 37. fxe3 Rxc5 38. b6 Rb8 39. b7 Rc7 40.
Rdb3 Kf7 41. Rb6 Re7 42. Kf2 Re6 43. Ke2 h5 44. Kd3 f5 45. R1b3 h4 46. Kd4 g4
47. Rxe6 Kxe6 48. Rb6+ Kd7 49. Kxd5 gxh3 50. gxh3 Kc7 51. Rb3 Rd8+ 52. Ke5 Kb8
53. Kxf5 Re8 54. e4 Re7 55. Rb4 Re8 56. e5 Rf8+ 57. Ke6 Rh8 58. Kd6 Rd8+ 59.
Kc6 Re8 60. Rd4 Re6+ 61. Rd6 Re8 62. e6 Ka7 63. Kc7 1-0

[Event "X Open Autunno"]
[Site "Robecchetto con Induno ITA"]
[Date "2013.10.17"]
[Round "3"]
[White "Cecchini, Massimo S."]
[Black "Testa, Loris"]
[WhiteElo "1780"]
[BlackElo "1946"]
[Result "1/2-1/2"]
[PlyCount "59"]
[EventDate "2013.10.03"]

1. d4 Nf6 2. c4 g6 3. Nc3 Bg7 4. e4 d6 5. Be2 O-O 6. Nf3 e5 7. O-O exd4 8. Nxd4
Nc6 9. Nc2 Re8 10. f3 Be6 11. Ne3 Nd7 12. Ned5 Nb6 13. Be3 Bxd5 14. cxd5 Ne5
15. Qb3 Ned7 16. Bb5 Re7 17. Rac1 Nc5 18. Qd1 Ncd7 19. Qd2 a6 20. Bxd7 Nc4 21.
Qe2 Nxe3 22. Qxe3 Qxd7 23. Qd3 Rae8 24. h3 Bh6 25. Rc2 Bf4 26. Nd1 Qa4 27. b3
Qa5 28. Nf2 Qb6 29. Kh1 h5 30. g4 1/2-1/2

[Event "X Open Autunno"]
[Site "Robecchetto con Induno ITA"]
[Date "2013.10.17"]
[Round "3"]
[White "Colombo, Angelo D."]
[Black "Marchesotti, Giovanni"]
[WhiteElo "1485"]
[BlackElo "1546"]
[Result "1-0"]
[PlyCount "87"]
[EventDate "2013.10.03"]

1. e4 d6 2. Nc3 g6 3. Bc4 Bg7 4. Nge2 Nf6 5. d3 O-O 6. O-O c5 7. Ng3 Nc6 8. a3
a6 9. a4 Nd4 10. Nce2 Nxe2+ 11. Qxe2 Bd7 12. a5 b5 13. axb6 Qxb6 14. c3 Bb5 15.
Ba2 Qc7 16. Bf4 e5 17. Be3 h6 18. f4 exf4 19. Bxf4 Qe7 20. Rf2 Bd7 21. Qd2 Kh7
22. h3 Be6 23. Re2 Bxa2 24. Rxa2 Nd7 25. Nf1 g5 26. Bh2 Ne5 27. Ne3 Qe6 28. Ra3
Ng6 29. Nd5 Be5 30. Bxe5 Qxe5 31. d4 cxd4 32. cxd4 Qg7 33. Rf2 f6 34. Raf3 Kh8
35. Rxf6 Rxf6 36. Rxf6 Nf4 37. Rxd6 Nxd5 38. Rxd5 Rf8 39. Qe2 Rf6 40. e5 Qe7
41. Qc4 Rf8 42. Qxa6 Kg7 43. Rd6 Rc8 44. Qxc8 1-0

[Event "X Open Autunno"]
[Site "Robecchetto con Induno ITA"]
[Date "2013.10.17"]
[Round "3"]
[White "Giusti, Francesco"]
[Black "Colombo, Maurizio"]
[WhiteElo "1589"]
[BlackElo "1786"]
[Result "0-1"]
[PlyCount "31"]
[EventDate "2013.10.03"]

1. e4 c5 2. d4 cxd4 3. Qxd4 Nc6 4. Qe3 e6 5. Nf3 Nf6 6. Be2 b6 7. O-O Bb7 8. a3
Qc7 9. b4 Ne5 10. Nfd2 Qxc2 11. Nc3 Rc8 12. Ra2 Qxc3 13. Qf4 Ng6 14. Qg5 Qe5
15. Qe3 Rc3 16. Nf3 0-1

[Event "X Open Autunno"]
[Site "Robecchetto con Induno ITA"]
[Date "2013.10.17"]
[Round "3"]
[White "Koureas, Panicos"]
[Black "Saccani, Ettore"]
[WhiteElo "1418"]
[BlackElo "1735"]
[Result "0-1"]
[PlyCount "62"]
[EventDate "2013.10.03"]

1. e4 e6 2. d3 d5 3. Nd2 Nf6 4. Ngf3 c5 5. g3 Nc6 6. Bg2 Be7 7. O-O O-O 8. e5
Nd7 9. Re1 Qc7 10. Qe2 b5 11. Nf1 h6 12. h4 Bb7 13. N1h2 Rac8 14. Bf4 Rfd8 15.
c3 Nf8 16. h5 d4 17. Ng4 Nh7 18. Nf6+ Nxf6 19. exf6 Bd6 20. Ne5 Nxe5 21. Bxb7
Qxb7 22. Bxe5 dxc3 23. Qg4 Bf8 24. fxg7 Be7 25. Bf4 Rxd3 26. Bxh6 Qf3 27. Qh3
c2 28. Rxe6 Rd1+ 29. Re1 Rcd8 30. Rc1 Bf6 31. Kh2 Qxf2+ 0-1

[Event "X Open Autunno"]
[Site "Robecchetto con Induno ITA"]
[Date "2013.10.17"]
[Round "3"]
[White "Libutti, Michele"]
[Black "Loaldi, Davide"]
[WhiteElo "1734"]
[BlackElo "1572"]
[Result "1-0"]
[PlyCount "83"]
[EventDate "2013.10.03"]

1. d4 g6 2. c4 Bg7 3. Nc3 d6 4. e4 Nd7 5. Nf3 e6 6. Bg5 Ne7 7. Be2 b6 8. O-O
Bb7 9. Qd2 h6 10. Be3 g5 11. Rfd1 f5 12. exf5 Nxf5 13. c5 d5 14. Rac1 c6 15.
Bd3 b5 16. Re1 O-O 17. Qe2 e5 18. dxe5 Nxe5 19. Bxf5 Rxf5 20. Nd4 Rf6 21. Bxg5
hxg5 22. Qxe5 Rf8 23. Qxg7+ Kxg7 24. Ne6+ Kg6 25. Nxd8 Raxd8 26. Re7 Rf7 27.
Rce1 d4 28. Rxf7 Kxf7 29. Ne4 Kg6 30. Nd6 Rd7 31. b4 d3 32. Kf1 Kf6 33. Rd1 Re7
34. Rxd3 Rh7 35. g3 Ba8 36. Kg2 Re7 37. Re3 Rh7 38. Re8 Bb7 39. Re4 Rd7 40. h4
gxh4 41. Rxh4 Rc7 42. Ne8+ 1-0

[Event "X Open Autunno"]
[Site "Robecchetto con Induno ITA"]
[Date "2013.10.17"]
[Round "3"]
[White "Macchiettini, Pierangelo"]
[Black "Madaschi, Sergio"]
[WhiteElo "1703"]
[BlackElo "1522"]
[Result "1/2-1/2"]
[PlyCount "40"]
[EventDate "2013.10.03"]

1. d4 d5 2. Nf3 Nf6 3. c4 c6 4. e3 e6 5. a3 a5 6. Nc3 Nbd7 7. c5 Qc7 8. Na4 e5
9. dxe5 Nxe5 10. Nxe5 Qxe5 11. Qd4 Qc7 12. Nb6 Rb8 13. Bd2 Ne4 14. b4 Nxd2 15.
Qxd2 Be7 16. Be2 Bf6 17. Rc1 axb4 18. axb4 Be6 19. O-O O-O 20. Rb1 Rfd8 1/2-1/2

[Event "X Open Autunno"]
[Site "Robecchetto con Induno ITA"]
[Date "2013.10.17"]
[Round "3"]
[White "Melino, Gianluca"]
[Black "Moroni, Luca"]
[WhiteElo "1748"]
[BlackElo "1860"]
[Result "1/2-1/2"]
[PlyCount "39"]
[EventDate "2013.10.03"]

1. Nf3 c5 2. g3 d6 3. Bg2 Nf6 4. O-O g6 5. d3 Bg7 6. Nbd2 O-O 7. e4 Nc6 8. h3
Qc7 9. Re1 Bd7 10. c3 Rac8 11. a4 a6 12. Nc4 e5 13. Nh2 b5 14. axb5 axb5 15.
Ne3 b4 16. Bd2 bxc3 17. bxc3 Rb8 18. Qc2 Be6 19. Nd5 Qc8 20. h4 1/2-1/2

[Event "X Open Autunno"]
[Site "Robecchetto con Induno ITA"]
[Date "2013.10.17"]
[Round "3"]
[White "Minore, Antonino"]
[Black "Rosescu, Liviu"]
[WhiteElo "1262"]
[BlackElo "1713"]
[Result "0-1"]
[PlyCount "80"]
[EventDate "2013.10.03"]

1. d4 g6 2. c4 Bg7 3. Nf3 d6 4. Nc3 c5 5. d5 Bg4 6. e4 Nd7 7. Be2 Bxf3 8. Bxf3
Ngf6 9. O-O h5 10. h3 Nb6 11. Bg5 Nfd7 12. Be2 a6 13. f4 Bd4+ 14. Kh2 Nf6 15.
Bxf6 Bxf6 16. Bd3 Qd7 17. Bc2 O-O-O 18. Na4 Qc7 19. Rb1 Nxc4 20. Qd3 b5 21. b3
Na3 22. Rbe1 Nxc2 23. Qxc2 bxa4 24. b4 cxb4 25. Qxa4 Qb6 26. a3 Qb5 27. Rc1+
Kd7 28. Qc2 Rc8 29. Qf2 Rxc1 30. Qa7+ Rc7 31. Qf2 bxa3 32. f5 Be5+ 33. Kh1 g5
34. Rd1 f6 35. Qd2 Rhc8 36. Qe3 a2 37. h4 Qb1 38. g3 Qxd1+ 39. Kh2 Rc2+ 40. Qf2
Rxf2+ 0-1